00000000nam 2200000zi 4500
0019.947474
003CaOODSP
00520250128153649
006m     o  d f      
007cr mn|||||||||
008250128e199208  oncd    ob   f000 0 eng d
020 |z0662198867
040 |aCaOODSP|beng|erda|cCaOODSP
043 |an-cn---
0861 |aZ1-1989/1-41-13E-PDF|zZ1-1989/1-41-13E
1001 |aHirshhorn, Ronald, |eauthor.
24514|aThe ownership and organization of transportation infrastructure - roads and airports / |cby Ron Hirshhorn.
264 1|a[Ottawa] : |b[Royal Commission on National Passenger Transportation], |cAugust 1992.
264 4|c©1992
300 |a1 online resource (90 pages) : |bgraphs
336 |atext|btxt|2rdacontent
337 |acomputer|bc|2rdamedia
338 |aonline resource|bcr|2rdacarrier
500 |aIssued also in French under title: Propriété et organisation de l'infrastructure de transport - routes et aéroports.
500 |a"Report Prepared for the Research Division, Royal Commission on National Passenger Transportation."
500 |a"RR-13."
500 |aDigitized edition from print [produced by Government of Canada Publications Directorate].
504 |aIncludes bibliographical references.
650 0|aInfrastructure (Economics)|zCanada.
650 0|aRoads|zCanada.
650 0|aAirports|zCanada.
650 0|aTransportation and state|zCanada.
7101 |aCanada. |bRoyal Commission on National Passenger Transportation. |bResearch Division, |eissuing body.
77508|tPropriété et organisation de l'infrastructure de transport - routes et aéroports / |w(CaOODSP)9.947475
85640|qPDF|s6.43 MB|uhttps://publications.gc.ca/collections/collection_2025/bcp-pco/Z1-1989-1-41-13-eng.pdf